00591nam a2200109Ia 4500008004100000020001800041100009500059245023600154260002700390650001200417856005200429171212s9999 xx 000 0 und d a9780833081643 aThaler, David E.;Brown, Ryan Andrew;Gonzalez, Gabriella C.;Mobley, Blake W.;Roshan, Parisa cThaler, David E.;Brown, Ryan Andrew;Gonzalez, Gabriella C.;Mobley, Blake W.;Roshan, ParisaaImproving the U.S. Military’s Understanding of Unstable Environments Vulnerable to Violent Extremist GroupsbInsights from Social Science bRAND Corporationc2013 aHistory uhttp://www.jstor.org/stable/10.7249/j.ctt5vjvzg